000 00222 a2200097 4500
001 44488
100 _aBinnie
245 _aTechnique & Principles of Auditing
260 _aLondon
_bPitman & Sons
_c
090 _c28199
_d28199
942 _aNUST-CAE
_cM
_c20223
999 _c279561
_d279561